000 00650nam a2200181Ia 4500
008 151202s9999||||xx |||||||||||||| ||und||
082 _bPNVM-54130
100 _aपांढरीपांडे विजय.
245 _aटोकियो टॉवर वरुन.
260 _b"मुर पब्लिकेशन, पुणे."
260 _c1988
300 _a116
600 _aपांढरीपांडे विजय.
630 _aटोकियो टॉवर वरुन.
700 _aपांढरीपांडे विजय.
730 _aटोकियो टॉवर वरुन.
942 _cBOOK
999 _c1320669
_d1320666